000
00332nam a22001337a 4500
003
ost
005
20140310182216.0
008
130907t xxu||||| |||| 00| 0 eng d
050
_a
MT 758
_b
.F325 1972
082
_a
HS 786.5
_b
F34 1972
245
_a
So you want to play the piano. White book.
942
_2
lcc
_c
HS
999
_c
10586
_d
10586